Market-driven health care : (Record no. 343762)

000 -LEADER
fixed length control field 00969 a2200193 4500
020 ## - INTERNATIONAL STANDARD BOOK NUMBER
International Standard Book Number 0201489945
020 ## - INTERNATIONAL STANDARD BOOK NUMBER
International Standard Book Number 9780201489941
082 04 - DEWEY DECIMAL CLASSIFICATION NUMBER
Classification number 362.10973
090 ## - LOCALLY ASSIGNED LC-TYPE CALL NUMBER (OCLC); LOCAL CALL NUMBER (RLIN)
-- 1234
-- 1234
100 1# - MAIN ENTRY--PERSONAL NAME
Personal name Herzlinger, Regina.
245 10 - TITLE STATEMENT
Title Market-driven health care :
Remainder of title who wins, who loses in the transforation of america's largest service industry /
Statement of responsibility, etc. Regina Herzlinger.
260 ## - PUBLICATION, DISTRIBUTION, ETC.
Place of publication, distribution, etc. [S.l.] :
Name of publisher, distributor, etc. Basic Books,
Date of publication, distribution, etc. 1997.
300 ## - PHYSICAL DESCRIPTION
Extent 416 p. ;
Dimensions 24 cm.
500 ## - GENERAL NOTE
General note Hardcover.
520 ## - SUMMARY, ETC.
Summary, etc. A close-up look at the health-care industry, which represents one-seventh of the U.S. economy, explains the ins and outs of the dramatic changes that are occurring in modern health care while making predictions as to who will benefit from the revolution in medicine.
856 40 - ELECTRONIC LOCATION AND ACCESS
Materials specified Amazon.com
Uniform Resource Identifier <a href="http://www.amazon.com/exec/obidos/ASIN/0201489945/chopaconline-20">http://www.amazon.com/exec/obidos/ASIN/0201489945/chopaconline-20</a>
856 40 - ELECTRONIC LOCATION AND ACCESS
Materials specified Amazon customer reviews
Uniform Resource Identifier <a href="http://www.chopac.org/cgi-bin/tools/azrev.pl?q=0201489945">http://www.chopac.org/cgi-bin/tools/azrev.pl?q=0201489945</a>
942 ## - ADDED ENTRY ELEMENTS (KOHA)
Institution code [OBSOLETE] NBS
Koha item type Book
Call number prefix 362.1973 HER
Holdings
Withdrawn status Lost status Damaged status Not for loan Permanent Location Current Location Date acquired Total Checkouts Full call number Barcode Date last seen Date last checked out Price effective from Koha item type
        Central Library (CL) Central Library (CL) 08/28/2013 1 362.1973 HER NBS3911 11/23/2017 08/22/2017 08/28/2013 Book
© 2023 Central Library, National University of Sciences and Technology. All Rights Reserved.